Review guide and workbook for use with Macroeconomics: analysis and policy. (5th ed.) (Record no. 80210)

MARC details
000 -LEADER
fixed length control field 01268nam a2200241 a 4500
008 - FIXED-LENGTH DATA ELEMENTS--GENERAL INFORMATION
fixed length control field 120416s1985 ||||||||||||||||| || u
020 ## - INTERNATIONAL STANDARD BOOK NUMBER
International Standard Book Number 0256032181
050 ## - LIBRARY OF CONGRESS CALL NUMBER
Classification number HB 172.5 Rey
100 ## - MAIN ENTRY--PERSONAL NAME
Personal name Reynolds, Lloyd George, 1910-
245 10 - TITLE STATEMENT
Title Review guide and workbook for use with Macroeconomics: analysis and policy. (5th ed.)
250 ## - EDITION STATEMENT
Edition statement 5th ed.
260 ## - PUBLICATION, DISTRIBUTION, ETC.
Place of publication, distribution, etc. Homewood, Ill.:
Name of publisher, distributor, etc. R.D. Irwin
Date of publication, distribution, etc. 1985
300 ## - PHYSICAL DESCRIPTION
Extent xii, 425p : ill.
350 ## -
-- 0.00
500 ## - GENERAL NOTE
General note Includes bibliographies and index.
650 ## - SUBJECT ADDED ENTRY--TOPICAL TERM
Topical term or geographic name entry element MICROECONOMICS
650 #0 - SUBJECT ADDED ENTRY--TOPICAL TERM
Topical term or geographic name entry element MACROECONOMICS
650 ## - SUBJECT ADDED ENTRY--TOPICAL TERM
Topical term or geographic name entry element MACROECONOMICS--HANDBOOKS, MANUALS, ETC
995 ## -
-- ANNEX COLLECTION (Main Library)
-- 0.00
-- 721707
-- CBU-MAIN LIBRARY (Kitwe)
-- 2
-- 17.95
-- HB 172.5 Rey
-- 2
-- AVAILABLE
-- Sep 19, 2006
-- 002153
-- Annex Low-Usage Collection
995 ## -
-- BINDERY (DAMAGED)
-- 0.00
-- 708813
-- CBU-MAIN LIBRARY (Kitwe)
-- 3
-- 17.95
-- HB 172.5 Rey
-- 3
-- DAMAGED
-- 708813
-- Main Library Open Access Collection
995 ## -
-- ANNEX COLLECTION (Main Library)
-- 0.00
-- 719267
-- CBU-MAIN LIBRARY (Kitwe)
-- 4
-- 17.95
-- HB 172.5 Rey
-- 4
-- AVAILABLE
-- 002150
-- Annex Low-Usage Collection
995 ## -
-- MAIN LIBRARY OPEN ACCESS
-- 0.00
-- 713065
-- CBU-MAIN LIBRARY (Kitwe)
-- 1
-- 17.95
-- HB 172.5 Rey
-- 1
-- AVAILABLE
-- 002151
-- Main Library Open Access Collection
999 ## -
-- 80210
-- 80210
Holdings
Withdrawn status Lost status Source of classification or shelving scheme Damaged status Not for loan Permanent Location Current Location Shelving location Date acquired Total Checkouts Full call number Barcode Date last seen Copy number Price effective from Koha item type
          CBU-MAIN LIBRARY, KITWE. CBU-MAIN LIBRARY, KITWE.   06/29/2023   HB 172.5 Rey 002153 06/29/2023 1 06/29/2023 MONOGRAPH
          CBU-MAIN LIBRARY, KITWE. CBU-MAIN LIBRARY, KITWE.   06/29/2023   HB 172.5 Rey 708813 06/29/2023 2 06/29/2023 MONOGRAPH
          CBU-MAIN LIBRARY, KITWE. CBU-MAIN LIBRARY, KITWE.   06/29/2023   HB 172.5 Rey 002150 06/29/2023 3 06/29/2023 MONOGRAPH
          CBU-MAIN LIBRARY, KITWE. CBU-MAIN LIBRARY, KITWE.   06/29/2023   HB 172.5 Rey 002151 06/29/2023 4 06/29/2023 MONOGRAPH